RAAD 2014 : 23rd International Conference on Robotics in Alpe-Adria-Danube Region. Conference Proceedings. September 3-5, 2014, Smolenice Castle, Slovakia

Gespeichert in:
Bibliographische Detailangaben
Weitere Verfasser: Budinská, Ivana (Herausgegeben von), Cigánek, Ján, 1981- (Herausgegeben von), Havlík, Štefan (Herausgegeben von), Hricko, Jaroslav, 1980- (Herausgegeben von), Kozák, Štefan, 1946- (Herausgegeben von)
Format: Buch
Sprache:Englisch
Veröffentlicht: Bratislava : Publishing House of Slovak University of Technology, 2014
Ausgabe:1. vyd.
Tags: Tag hinzufügen
Keine Tags, Fügen Sie das erste Tag hinzu!

MARC

LEADER 00000nam a22000003a 4500
001 stu298902
005 20230309124456.4
008 141008s--------xo------------------eng-d
020 |a 978-80-227-4219-1 
040 |a STU  |b slo 
041 0 |a eng 
044 |a xo 
080 |a 621.865.8  |7 A000003983 
100 1 |a Budinská, Ivana  |4 edt  |9 20  |X 38258  |7 A000038258 
245 1 |a RAAD 2014 :  |b 23rd International Conference on Robotics in Alpe-Adria-Danube Region. Conference Proceedings. September 3-5, 2014, Smolenice Castle, Slovakia  |h elektronický zdroj 
250 |a 1. vyd. 
260 |a Bratislava :  |b Publishing House of Slovak University of Technology,  |c 2014 
300 |a CD ROM, 79 s. 
500 |a recenzované 
700 1 |a Cigánek, Ján,  |d 1981-  |4 edt  |u E400  |9 20  |U FEI Fakulta elektrotechniky a informatiky  |T FEI Ústav automobilovej mechatroniky  |X 10327  |U E400  |Y 642  |7 10327 
700 1 |a Havlík, Štefan  |4 edt  |9 20 
700 1 |a Hricko, Jaroslav,  |d 1980-  |4 edt  |9 20  |X 5448  |7 A000005448 
700 1 |a Kozák, Štefan,  |d 1946-  |4 edt  |u E400  |9 20  |U FEI Fakulta elektrotechniky a informatiky  |T FEI Ústav automobilovej mechatroniky  |X 1954  |U E400  |Y 642  |7 1954 
996 |b 284EO00416  |c E*O-416  |l EE30  |s P  |a 0  |w stu298902_0001 
996 |b 284EO00415  |c E*O-415  |l EE30  |s P  |a 0  |w stu298902_0002